000 00827nam a2200241Ia 4500
003 OSt
005 20220923213138.0
006 a|||||r|||| 00| 0
007 ta
008 220922b |||||||| |||| 00| 0 hin d
024 _a159,212
037 _cTextual
040 _aARTS
_cARTS
_bhin
041 _2hin
_ahin
082 _aO152,1:g, K5
100 _aचंद्रकला
_9156277
245 0 _aपूर्व मध्यपूर्व और पश्चिम में प्रतीकवाद
246 _aPūrva madhyapūrva aur pashchim mean pratīkavāda
260 _aजयपुर
_b मंगल प्रकाशन
_c1965
650 _aहिन्दी साहित्य
_9156264
942 _hO152,1:g, K5
_cTEXL
_2CC
999 _c313959
_d313959